[Event "Linares 14th"]
[Site "Linares"]
[Date "1997.02.09"]
[Round "5"]
[White "Kasparov, Garry"]
[Black "Nikolic, Predrag"]
[Result "1-0"]
[WhiteElo "2795"]
[BlackElo "2655"]
[Annotator "Psakhis,L"]
[PlyCount "53"]
[EventDate "1997.02.04"]
[EventType "tourn"]
[EventRounds "11"]
[EventCountry "ESP"]
[EventCategory "18"]
[SourceTitle "CBM 057"]
[Source "ChessBase"]
[SourceDate "1997.04.01"]
[SourceVersion "1"]
[SourceVersionDate "1997.04.01"]
[SourceQuality "1"]

1. e4 e5 2. Nf3 Nc6 3. d4 exd4 4. Nxd4 Nf6 5. Nxc6 bxc6 6. e5 Qe7 7. Qe2 Nd5 8.
c4 Ba6 9. b3 g5 10. g3 (10. Ba3 d6 11. exd6 Qxe2+ 12. Bxe2 Bg7 $1 13. cxd5 Bxe2
14. Kxe2 Bxa1 15. Rc1 O-O-O $1 $11 {(Anand) 1/2-1/2 Kasparov,G-Anand,V/New
York (m/8) 64/293 1995 (22)}) 10... Bg7 11. Bb2 O-O ({Maybe better was long
castle.} 11... O-O-O $5 12. Qe4 f5 $1 13. Qxf5 Rhf8 14. Qe4 Nf6 $5 (14... Qb4+
15. Nd2 Nc3 $8 (15... Rxf2 $2 16. Kxf2 Qxd2+ 17. Qe2 Qb4 18. Bd4 $16 {1-0 Sax,
G-Bacrot,E/Balatonbereny (MikhalevskiV) 1996 (28)} (18. Kg2 $5)) 16. Qe3 Bxe5
$1 17. Ba3 Qxa3 18. Qxa7 Qb4 $8) 15. Qe2 Ng4 $1 16. Qxg4 Bxe5 17. Qe2 Bxb2 $1 (
17... Qb4+ $2 18. Kd1 Bxc4 $2 19. Qxe5 $18) 18. Qxe7 Rde8 19. Qxe8+ Rxe8+ $15 {
xf2 with very good game for Black. But I an sure that Kasparov had in mind big
improvment.}) 12. Nd2 {N/} (12. Bg2 d6 13. O-O Rab8 14. Qd2 Bxe5 15. Re1 Nb6
16. Bxe5 dxe5 17. Qa5 $16 {1-0 Novak,D-Ascic,A/CRO t-ch 1996 (29)}) 12... f6
13. Qh5 (13. exf6 Bxf6 14. Qxe7 Nxe7 15. Bxf6 Rxf6 16. Bh3 $14) 13... Nb4 14.
h4 $1 (14. Kd1 $5 c5 15. h4) 14... g4 ({Difficult decision, but after} 14...
Nc2+ 15. Kd1 Nxa1 16. hxg5 {Black position also very dangerous. For example:}
fxe5 (16... Bh8 17. Bd3 (17. gxf6 Qf7 18. Qg5+ Qg6 19. Qxg6+ hxg6 20. Bxa1 $18)
17... f5 18. g6 h6 19. Qxh6 Qg7 20. Qh5 $18 {[%cal Rb2h8,Re5e6]}) 17. Qxh7+ Kf7
18. Bd3 (18. Bxa1 $5 $40) 18... Ke8 (18... Qxg5 19. Rh5 $1 Qg4+ 20. Be2 $18)
19. Qg6+ Rf7 (19... Kd8 20. Rh7 Rg8 21. f4 (21. Ne4 Qf8 (21... Qe8 22. Nc5 $5
Qxg6 23. Bxg6 Bf8 24. Nxd7 (24. Rxd7+ $2 Kc8) 24... Rxg6 25. Nxf8 Rd6+ 26. Kc1
Ke8 27. c5 $1 $18) 22. Nf6 $5 (22. Bxa1 $16) 22... Bxf6 23. Rf7 Be7 24. Rxf8+
Rxf8 25. Bxa1 $16) 21... Qf8 22. f5 Bh8) 20. Bxa1 {with strong initiative.}) (
14... Qe8 $5 15. hxg5 Qxh5 16. Rxh5 fxe5 $1 (16... Nc2+ 17. Kd1 Nxa1 18. gxf6
$18) 17. Ke2 Nc2 (17... d5 18. Bh3 Rae8 19. Rh1 $36) 18. Rc1 Nd4+ 19. Bxd4 exd4
20. f4 Rae8+ 21. Kf2 {[%csl Gh7][%cal Rf1d3]} Re3 22. Rd1 $14) 15. Kd1 $1 {
[%csl Rb4] I suspect, that Nikolic simple forgot this very strong move. Now he
has problems not only with his king, but with his knight too.  >< Nb4, Ba6} c5
(15... fxe5 16. a3 Rxf2 17. axb4 Qxb4 18. Be2 Bb7 19. Qxg4 $18) (15... f5 $142
16. a3 Bxe5 17. axb4 Bxb2 18. Rxa6 Qxb4 19. Bd3 Qc3 20. Bc2 Rae8 21. Ra2 $5 (
21. Rxa7 Re6 22. Qg5+ Kh8 23. Qf4 Qf6 24. Ra5) 21... Re6 22. Rxb2 Qxb2 23. Bxf5
$16) 16. a3 Nc6 (16... Bb7 $5 17. axb4 (17. Rh2 Nc6 18. Bd3 f5 19. Bxf5 Bxe5) (
17. Rg1) 17... Bxh1 18. Bd3 $40) 17. Bd3 (17. exf6 $6 Bxf6 18. Qxg4+ Kh8 $44)
17... f5 (17... Bh8 18. Be4 $1 fxe5 (18... Nxe5 19. Bxe5 fxe5 20. Bd5+ Kg7 21.
Qxg4+ $18) 19. Bd5+ Rf7 20. Ne4 $18) (17... h6 18. Qf5 (18. exf6 Bxf6 19. Qxg4+
Qg7 20. Qxg7+ Bxg7 21. Bxg7 Kxg7 22. f4 Nd4 $16) 18... fxe5 (18... Nxe5 19.
Qh7+ Kf7 20. Bxe5 fxe5 (20... Qxe5 $2 21. Bg6+) 21. Qg6+ Kg8 22. Qxa6 e4 23.
Bxe4 Bxa1 24. Bxa8 Rxa8 25. Qxh6 $18) 19. Qh7+ Kf7 20. Bg6+ Ke6 {It is not a
great pleasure to have king on e6 in middlegame against Kasparov!} 21. Be4 $1
Qf6 (21... Kf7 22. Re1 (22. Bd5+ Ke8 23. Qg6+ Kd8 24. Bxc6 Rf6 25. Qxf6 Qxf6
26. Bxa8 c6) 22... Ke8 23. Qg6+ Qf7 24. Qxg4 $16) 22. Bxc6 (22. Bd5+ Ke7 23.
Ne4 Qf3+ 24. Kc2 Rf7 $16) 22... dxc6 23. Re1 Rad8 (23... Kf7 24. Rxe5) 24.
Rxe5+ Qxe5 (24... Kd7 25. Rd5+ $1 cxd5 26. Bxf6 $18) 25. Bxe5 Bxe5 26. Qxh6+
Rf6 27. Qe3 Rf3 28. Qg5 $18) 18. Bxf5 Bxe5 (18... Rxf5 19. Qxf5 Nxe5 20. Re1
$18) 19. Re1 d6 20. Be4 $5 {I would not be very suprised to hear, that
Kasparov had this winning position already in home preparation on the board.}
Bb7 (20... Qg7 21. Bxc6 $1 (21. Bxe5 $6 Nxe5 22. Bxa8 Rxa8 $132) 21... Bxb2 22.
Ra2 Rab8 23. Rxb2 $1 Qxb2 24. Bd5+ $1 {>< c4} (24. Re7 $2 Qa1+ 25. Kc2 (25. Ke2
Rxf2+ $1 26. Kxf2 Qf6+) 25... Qa2+ 26. Kc3 Qa1+ 27. Kd3 $2 (27. Kc2 Qa2+ $11)
27... Bxc4+ $1 $19) 24... Kh8 25. Re7 Qa1+ 26. Kc2 Qa2+ 27. Kc3 Qa1+ 28. Kd3
$18) 21. Qxg4+ (21. Bxc6 $5 Bxc6 22. Qxg4+ Kh8 (22... Qg7 23. Qe6+ Qf7 24. Rxe5
$1 dxe5 25. Qxc6 $18) 23. f4 Bd7 $5 (23... Qg7 24. Bxe5 dxe5 25. Qxg7+ Kxg7 26.
Rxe5) 24. Qe2 Qg7 25. Bxe5 dxe5 26. Qxe5 Bg4+ 27. Kc1 Rae8 28. Qxg7+ Kxg7 29.
Kc2 $18) 21... Qg7 (21... Kh8 22. Bxc6 Bxc6 23. f4 Bd7 24. Qe2 Qg7 25. Bxe5
dxe5 26. Qxe5 $18) 22. Bd5+ Kh8 23. Bxe5 dxe5 24. Qxg7+ Kxg7 25. Ne4 $18 {
[%csl Ge4] Full domination} Rad8 26. Nxc5 Bc8 27. Ra2 1-0

[Event "Vaujany op 5th"]
[Site "Vaujany"]
[Date "2014.07.14"]
[Round "5.4"]
[White "Solozhenkin, Evgeniy"]
[Black "Joie, Sebastien"]
[Result "1-0"]
[WhiteElo "2436"]
[BlackElo "2361"]
[Annotator "RR"]
[PlyCount "139"]
[EventDate "2014.07.10"]
[EventType "swiss"]
[EventRounds "9"]
[EventCountry "FRA"]
[SourceTitle "EXT 2017"]
[Source "ChessBase"]
[SourceDate "2016.10.25"]
[SourceVersion "1"]
[SourceVersionDate "2016.10.25"]
[SourceQuality "1"]

1. e4 e5 2. Nf3 Nc6 3. d4 exd4 4. Nxd4 Bc5 5. Nxc6 bxc6 6. Bd3 Qh4 (6... d6 7.
Qe2 Nf6 8. Bg5 Qe7 9. Nc3 Bd4 10. Na4 Qe5 11. Bd2 a5 12. f4 Qe7 13. h3 Bd7 14.
O-O-O c5 15. Nc3 O-O 16. Rhe1 Rfe8 17. Nb5 Bxb2+ 18. Kxb2 Rab8 19. Ka1 c6 20.
Nc3 c4 21. Bxc4 d5 22. Bb3 a4 23. Nxa4 Nxe4 24. Bc3 Qd6 25. Be5 Rxe5 26. fxe5
Qxe5+ 27. Nb2 Qe7 28. Qa6 h5 29. Qa7 Rd8 30. c4 {1-0 (30) Nepomniachtchi,I 
(2710)-Zhigalko,S (2677) Bilbao 2014}) 7. Qf3 Nf6 8. O-O O-O 9. Bf4 Re8 $146 (
9... d6 10. h3 Nh5 11. Bh2 g5 12. e5 d5 13. Bf5 Bxf5 14. Qxf5 Rae8 15. Nd2 Ng7
16. Qd3 Ne6 17. Rae1 Qd4 18. Qxd4 Bxd4 19. c3 Bb6 20. g4 Nc5 21. Nf3 Nd3 22.
Re2 f6 23. e6 c5 24. b3 Re7 25. Rd1 c4 26. bxc4 dxc4 27. Nd2 Nb2 28. Rc1 Nd3
29. Rd1 {1/2-1/2 (29) Nakhapetiane,P (2495)-Efimenko,Z (2708) Olginka 2011})
10. Bg3 Qg5 11. Nc3 Bd6 $5 12. Bxd6 cxd6 13. Bc4 Qe5 14. Rad1 $32 Bb7 15. b3 (
15. Rfe1) 15... Re7 16. Qd3 Rae8 17. f3 Qg5 18. Qd2 Qc5+ 19. Qd4 a5 20. g3 (20.
Qxc5 dxc5 {[%csl Rb7]} 21. Kf2 d5 $5) 20... Qg5 21. Qd2 Qc5+ 22. Rf2 d5 {
Un coup risqué car en cas d'échange, la finale sera agréable à jouer pour
les Blancs} 23. exd5 cxd5 24. Na4 (24. Bf1) 24... Qa7 (24... Qc7 {Aurait
évité la menace d'échange des Q par Qd4}) 25. Bf1 Bc6 26. Qd4 $1 Qxd4 27.
Rxd4 Re1 28. Nc3 R8e3 29. Nd1 $1 Re6 30. a4 g5 31. g4 h5 32. h3 h4 {[%csl Rh3]}
(32... Kg7) 33. Rfd2 Nh7 $6 34. Kf2 $16 R1e5 35. Nb2 Rf6 36. Nd1 Rfe6 37. Nc3
Nf6 38. Re2 Nh7 39. Red2 {Une répétition de coups pour passer le contrôle
de temps} Nf6 40. Bd3 Re8 41. Re2 Kg7 42. Nd1 Ng8 43. Rxe5 {[%csl Rc6,Rd5] La
finale est difficile pour les Noirs} Rxe5 44. Ne3 {[%csl Ge3][%cal Ge3f5,Ge3d5]
} Ne7 45. f4 $1 {La faiblesse "d5" est sous pression mais les Blancs doivent
attaquer une seconde faiblesse pour obtenir des réelles chances de gain.} gxf4
46. Rxf4 Ng6 47. Rd4 Kf6 48. Ng2 $36 {[%csl Rd5,Rh4] Les Noirs ont maintenant
la fameuse "seconde faiblesse"} Kg5 49. Ne1 Re8 50. Nf3+ Kf6 51. g5+ Kg7 52.
Nxh4 $18 {La position du français s'est effondrée en quelques coups} Ne5 53.
Ng2 Nxd3+ 54. Rxd3 Re4 55. Rf3 d4 56. Rf5 d3 57. cxd3 Rb4 58. Rxa5 Rxb3 59. Nf4
Rb4 60. Kg3 Bxa4 61. h4 Rd4 62. Rd5 Rxd5 63. Nxd5 Kg6 64. Kg4 Bd1+ 65. Kf4 d6
66. Nf6 Be2 67. d4 Bd1 68. Ne8 Bb3 69. Nxd6 Be6 70. Ne4 1-0

[Event "POL-chT 66th"]
[Site "Katowice"]
[Date "2010.09.07"]
[Round "4"]
[White "Kolosowski, Mateusz"]
[Black "Rutkowski, Maciej"]
[Result "1/2-1/2"]
[WhiteElo "2342"]
[BlackElo "2402"]
[Annotator "RR"]
[PlyCount "104"]
[EventDate "2010.09.04"]
[EventType "team-tourn"]
[EventRounds "9"]
[EventCountry "POL"]
[SourceTitle "EXT 2016"]
[Source "ChessBase"]
[SourceDate "2015.10.08"]
[SourceVersion "1"]
[SourceVersionDate "2015.10.08"]
[SourceQuality "1"]
[WhiteTeam "Prokonex"]
[BlackTeam "Gorzow Wielkopolski"]
[WhiteTeamCountry "POL"]
[BlackTeamCountry "POL"]

1. e4 e5 2. Nf3 Nc6 3. d4 exd4 4. Nxd4 Bc5 5. Be3 Qf6 6. Nb5 Bxe3 7. fxe3 Kd8 (
7... Qh4+ 8. g3 Qd8 9. Qg4 g6 10. Qf4 d6 11. N1c3 a6 12. Nd4 Ne5 13. Be2 Bh3
14. O-O-O Nf6 15. Qh6 Bg4 16. h3 Bxe2 17. Ndxe2 Qe7 18. Rhf1 O-O-O 19. Qg5 Nd5
20. Qxe7 Nxe7 21. Rf6 h5 22. Nd4 Rde8 23. b3 Ng8 24. Rf2 Nh6 25. Rdf1 c6 26.
Rf6 Kd7 27. Kd2 Ke7 28. R6f2 Nd7 29. Nde2 f6 30. Nf4 Rhg8 31. Nd3 Nf7 32. Ke2
Kf8 33. g4 hxg4 34. hxg4 Ng5 35. Rh2 Nxe4 36. Nxe4 Rxe4 37. g5 {Asadli,V (2287)
-Adhiban,B (2646) Nakhchivan 2015 0-1}) 8. N1c3 Nge7 9. Qd2 a6 10. Nd4 d6 11.
O-O-O Be6 12. Be2 Qg6 13. g4 Ne5 14. Nf5 (14. h3) 14... N7c6 15. Rhf1 h6 16. b3
Nd7 17. Qe1 Re8 18. Nd5 Bxd5 19. exd5 Ne7 20. Qh4 (20. e4 Nxf5 21. exf5 Qf6 {
[%cal Gd7e5]}) 20... Ne5 21. Ng3 Qg5 22. Qxg5 hxg5 23. Nh5 Rh8 24. Rf2 g6 25.
Nf6 Ng8 26. Ne4 f6 27. Nxg5 Kd7 28. Ne4 Ke7 29. Rdf1 Rh4 30. Nxf6 Nxf6 31. Rxf6
Rxh2 32. Re6+ Kd7 33. Bd3 Rg8 (33... Nxd3+ {[%cal Gf1f7]}) 34. Rff6 Rg2 35.
Bxg6 Nxg6 36. Rxg6 Rxg4 $11 37. Rh6 b5 38. Ref6 R4g7 39. e4 Re8 40. Re6 Rge7
41. Rxe7+ Rxe7 42. Rh4 c6 43. a3 Kc7 44. Kb2 cxd5 45. exd5 Kb6 46. Rh8 Re5 47.
c4 Re2+ 48. Kc3 Re3+ 49. Kc2 bxc4 50. bxc4 Kc5 51. Rc8+ Kd4 52. Rc6 Rxa3
1/2-1/2

[Event "Cappelle op 31st"]
[Site "Cappelle la Grande"]
[Date "2015.03.04"]
[Round "6"]
[White "Tomczak, Jacek"]
[Black "Bachmann, Axel"]
[Result "0-1"]
[WhiteElo "2552"]
[BlackElo "2601"]
[Annotator "RR"]
[PlyCount "74"]
[EventDate "2015.02.28"]
[EventType "swiss"]
[EventRounds "9"]
[EventCountry "FRA"]
[SourceTitle "EXT 2016"]
[Source "ChessBase"]
[SourceDate "2015.10.08"]
[SourceVersion "1"]
[SourceVersionDate "2015.10.08"]
[SourceQuality "1"]

1. e4 e5 2. Nf3 Nc6 3. d4 exd4 4. Nxd4 Bb4+ $5 {Un coup provocateur} (4... Bc5
{La grande ligne}) 5. c3 Bc5 6. Be3 Bb6 7. Qg4 (7. Nf5 Bxe3 8. Nxe3 d6 9. c4
Nge7 10. Nc3 O-O 11. Be2 f5 12. exf5 Nxf5 13. Nxf5 Bxf5 14. O-O Qd7 15. Bf3 Kh8
16. b3 Rae8 17. Re1 Rxe1+ 18. Qxe1 Ne5 19. Bd5 Nd3 20. Qe3 b6 21. Rf1 Re8 22.
Qd4 Nb4 23. Bf3 Bd3 24. Rd1 Bc2 25. Rf1 Bd3 26. Rd1 Bc2 27. Rf1 Bd3 28. Rc1 Bg6
29. h3 a5 30. Rd1 Bc2 31. Rd2 Bf5 32. Kh2 h6 33. Qf4 Nd3 34. Qg3 Ne5 35. Bd5 c6
36. Bf3 Nxf3+ {Nepomniachtchi,I (2714)-Kramnik,V (2760) Sochi 2014 0-1 (65)})
7... g6 (7... Qf6 {L'alternative} 8. Qg3 Qg6) 8. Nd2 d6 9. Qg3 Qe7 10. Bb5 Bd7
11. Bxc6 $146 bxc6 12. O-O-O (12. O-O {Plus solide car la poussée c3 et la
colonne semi-ouverte "b" rend le ooo plus risqué} Nf6 13. a4 {[%cal Ga4a5]} (
13. Rfe1 Nh5 14. Qf3 O-O 15. a4 Rab8 16. b4 a5 17. Nc2 Bxe3 18. Qxe3 Rfe8 19.
bxa5 Ra8 20. Nb3 f5 21. Nd2 Rxa5 22. exf5 Qxe3 23. Rxe3 Rxe3 24. Nxe3 gxf5 25.
Nb3 Ra6 26. a5 f4 27. Nc4 Be6 28. Ncd2 c5 29. Nc1 Kf7 30. f3 Ke7 31. Ne2 Kd7
32. Kf2 Kc6 33. g4 fxg3+ 34. hxg3 Nf6 35. Nf4 Bf7 36. g4 Nd7 37. Ke3 c4 38. Ne2
Ne5 39. Nd4+ Kd7 40. Ne4 Bg6 {Preotu,R (2341)-Gareev,T (2640) Arlington 2014
1-0}) 13... Nxe4 14. Nxe4 Qxe4 15. Rfe1 {[%csl Re4,Re8][%cal Ge3h6]} (15. a5
Bxd4 16. Bxd4 O-O)) 12... Nf6 13. h4 c5 $132 14. Nc2 Qe6 15. Bg5 Nh5 16. Qf3 h6
$1 17. Be3 Bc6 (17... O-O-O) (17... Qxa2) 18. Rde1 Nf6 19. Qh3 Qxa2 20. e5 Nd7
$1 {Rend le P mais paradoxalement la prise ed6 suivie de dc7 va réactiver le
mauvais Bb6} (20... dxe5 $6 {[%csl Rc5,Rc7] Un coup très laid}) 21. exd6 O-O-O
22. dxc7 Bxc7 23. Bxc5 Bxg2 $1 24. Qxg2 Nxc5 25. Nb4 (25. Qa8+ Kd7 26. Qf3 $13
{[%csl Gf4]}) 25... Qa1+ 26. Nb1 Bf4+ $40 27. Re3 Bxe3+ 28. fxe3 Qa4 29. Na3
Rhe8 30. Qg4+ Rd7 31. Qc4 Rc7 32. Kb1 Qb3 33. Qb5 Rd8 34. Qe2 a5 35. Na2 Rb7
36. Ka1 Qd5 37. Nc1 Qxh1 0-1

[Event "POL-chT 66th"]
[Site "Katowice"]
[Date "2010.09.10"]
[Round "7"]
[White "Macieja, Bartlomiej"]
[Black "Kravtsiv, Martyn"]
[Result "1-0"]
[WhiteElo "2649"]
[BlackElo "2559"]
[Annotator "RR"]
[PlyCount "65"]
[EventDate "2010.09.04"]
[EventType "team-tourn"]
[EventRounds "9"]
[EventCountry "POL"]
[SourceTitle "EXT 2016"]
[Source "ChessBase"]
[SourceDate "2015.10.08"]
[SourceVersion "1"]
[SourceVersionDate "2015.10.08"]
[SourceQuality "1"]
[WhiteTeam "Wroclaw AZS WSB"]
[BlackTeam "Prokonex"]
[WhiteTeamCountry "POL"]
[BlackTeamCountry "POL"]

1. e4 e5 2. Nf3 Nc6 3. d4 exd4 4. Nxd4 Nf6 5. Nxc6 bxc6 6. e5 Qe7 7. Qe2 Nd5 8.
c4 Ba6 (8... Nb6) 9. b3 g6 10. f4 Nb6 (10... g5 11. fxg5 O-O-O 12. h4 h6 13.
gxh6 Bxh6 14. Bxh6 Rxh6 15. Nd2 Nb4 16. Nf3 c5 17. O-O-O Bb7 18. a3 Nc6 19. Rh3
Re6 20. h5 Nxe5 21. Nxe5 Rxe5 22. Qd2 Qg5 23. h6 Rh8 24. Bd3 Bxg2 25. Qxg5 Rxg5
26. Rh2 Bf3 27. Rf1 Rh5 28. Rxh5 Bxh5 29. Rh1 Rxh6 30. Be2 Bxe2 31. Rxh6 Bg4
32. Kd2 Kb7 {1/2-1/2 (32) Navara,D (2708)-Jakovenko,D (2730) Saint Quentin 2014
}) 11. g3 Bg7 12. Ba3 c5 $146 (12... Qe6 13. Nc3 d6 14. Ne4 O-O 15. O-O-O Rfe8
16. Ng5 Qe7 17. Bg2 Bxe5 18. Qxe5 dxe5 19. Bxe7 Rxe7 20. Bxc6 Rf8 21. c5 Nc8
22. Rhe1 h6 23. Nh3 f6 24. fxe5 fxe5 25. Re3 g5 26. Re4 Kg7 27. b4 Bf1 28. Bd7
Bg2 29. Ree1 e4 30. Ng1 e3 31. h4 Re4 32. hxg5 hxg5 33. a3 Ne7 34. Bh3 Rf2 35.
Bxg2 Rxg2 36. Ne2 Rc4+ 37. Kb2 Nc6 38. Rd7+ Kf6 39. Kb3 Re4 40. Rxc7 Re6 41. b5
Ne5 42. Nd4 {Tjipueja,W (2083)-Sarwat,W (2388) Windhoek 2007 0-1}) (12... d6
13. Bg2 O-O-O 14. Bxc6 Qe6 $44) 13. Bg2 O-O-O 14. Nc3 {[%csl Gd5]} f6 15. Ne4
$40 fxe5 16. Nxc5 {[%csl Ra6]} Rde8 17. O-O-O e4 18. Bh3 Rd8 19. Qxe4 Qf6 $2
20. Qe5 (20. Nxa6 Qa1+ 21. Qb1 (21. Kd2 Qxa2+)) 20... Qf7 21. Qe2 Rhe8 22. Qd2
Bb7 23. Nxb7 Kxb7 24. c5 Qf6 25. Bb2 $18 Qxb2+ 26. Qxb2 Bxb2+ 27. Kxb2 Re2+ 28.
Kc3 Nc8 29. Bxd7 Ne7 30. c6+ Kb6 31. Rhe1 Nd5+ 32. Kc4 Ne3+ 33. Kd3 1-0

[Event "Bundesliga 1112"]
[Site "Germany"]
[Date "2011.11.20"]
[Round "5.6"]
[White "Berelowitsch, Alexander"]
[Black "Acs, Peter"]
[Result "1-0"]
[WhiteElo "2563"]
[BlackElo "2587"]
[Annotator "RR"]
[PlyCount "67"]
[EventDate "2011.10.14"]
[EventType "team-tourn"]
[EventRounds "15"]
[EventCountry "GER"]
[SourceTitle "CBM 146"]
[Source "ChessBase"]
[SourceDate "2012.01.18"]
[SourceVersion "1"]
[SourceVersionDate "2012.01.18"]
[SourceQuality "1"]
[WhiteTeam "Muelheim Nord"]
[BlackTeam "Eppingen"]
[WhiteTeamCountry "GER"]
[BlackTeamCountry "GER"]

1. e4 e5 2. Nf3 Nc6 3. d4 exd4 4. Nxd4 Bc5 5. Nxc6 Qf6 6. Qf3 dxc6 7. Nc3 Be6
8. Be3 Qe7 9. Bxc5 Qxc5 10. O-O-O Qg5+ 11. Rd2 Rd8 12. Bd3 Qa5 13. Qg3 Ne7 14.
a3 O-O 15. f4 f6 16. Rhd1 Rb8 17. Qf2 c5 18. f5 Bf7 19. e5 fxe5 20. f6 Ng6 21.
Bxg6 Bxg6 22. Nd5 gxf6 23. Nxf6+ (23. Ne7+ Kg7 24. Rd7) 23... Kh8 $18 24. Qh4
Qa6 25. Nd7 Qe6 26. Nxb8 Rxb8 27. Rd8+ Rxd8 28. Qxd8+ Kg7 29. Rd7+ Bf7 30. Qg5+
Kf8 31. Rxc7 b6 32. Rxa7 e4 33. Ra8+ Be8 34. Qh5 1-0

[Event "WchT 9th"]
[Site "Antalya"]
[Date "2013.11.26"]
[Round "1.4"]
[White "Amin, Bassem"]
[Black "Baramidze, David"]
[Result "0-1"]
[WhiteElo "2652"]
[BlackElo "2614"]
[Annotator "Ramirez Alvarez,A"]
[PlyCount "62"]
[EventDate "2013.11.26"]
[EventType "team-tourn"]
[EventRounds "9"]
[EventCountry "TUR"]
[SourceTitle "CBM 158"]
[Source "ChessBase"]
[SourceDate "2014.01.16"]
[SourceVersion "1"]
[SourceVersionDate "2014.01.16"]
[SourceQuality "1"]
[WhiteTeam "Egypt"]
[BlackTeam "Germany"]
[WhiteTeamCountry "EGY"]
[BlackTeamCountry "GER"]

1. e4 e5 2. Nf3 Nc6 3. d4 exd4 4. Nxd4 Nf6 5. Nxc6 bxc6 6. e5 Qe7 7. Qe2 Nd5 8.
c4 Nb6 9. Nc3 Qe6 {The most popular line still.} (9... Bb7 $5 {Has gained some
popularity since the famous Shirov-Kramnik game from a few years ago and
thanks to the recommendation made by Larry Kauffman in his opening treaty.})
10. Qe4 g6 11. Bd3 Bg7 12. f4 Ba6 $5 (12... O-O {is the common choice and far
more popular than the move in the game.}) 13. b3 d5 14. cxd5 (14. Qf3 dxc4 15.
Be2 {is interesting as Black is somewhat paralyzed since he cannot take on b3.}
) 14... cxd5 15. Nxd5 $5 {Bassem goes for the complications. It is not so
clear if he should have done this considerating that his opponent might have
prepared something specifically in this variation.} Nxd5 16. Qa4+ c6 $1 17.
Bxa6 Bxe5 $1 {This is the point of the position. White has no choice but to
take the bishop or he loses material instantly.} (17... O-O 18. O-O {simply
leaves White up a pawn.}) 18. fxe5 (18. Kf2 Bc3 $1 {Is a crazy and inhuman
move, but Black's combination of threats will eventually allow him to be ahead
in material.} (18... Bxa1 $6 19. Re1 Qxe1+ 20. Kxe1 O-O {is just unclear.}))
18... Qxe5+ 19. Kf2 (19. Be2 $2 O-O $1 {And white cannot defend his rook on a1
and the pressure on the e-file at the same time. For example:} 20. Rb1 Nc3 $1
21. Qc4 Nxb1 {and it's all over.}) 19... Qf6+ 20. Kg3 Qc3+ 21. Kh4 {The king
is on h4, but it is untouchable at the moment. The fourth rank is covered by
the queen on a4 and the bishop on c1 can cover any check on the d8-h4 diagonal.
} O-O $1 (21... Qxa1 $2 22. Qxc6+ $18) 22. Bh6 Ne7 $1 {This simple retreat
puts unsolvable problems on White's position.} 23. Qf4 $2 (23. g4 $2 g5+ $1 24.
Bxg5 Ng6+ 25. Kh5 Qh3+ $19) (23. g3 $1 {Giving the king the h3 square was the
only chance.} Nf5+ 24. Kh3 Nxh6 $17 {and Black is only a little bit better. He
has a safer king and an extra pawn but White is active and his pawn structure
is certainly superior.}) 23... Nf5+ 24. Kg4 Rfe8 {any move bringing the rook
into play wins.} 25. g3 Qa5 $6 (25... Re5 $1 {Inching closer to the king was
more precise.}) 26. Bd3 $6 {This gives Black a free tempo in the attack as
Baramidze finishes off his opponent in fantastic style.} (26. Bc4 Rad8 (26...
Nxh6+ $1 27. Kh3 Nf5 $17) 27. Kh3 $11) 26... Rad8 $1 27. Bxf5 Rd4 $1 {This is
the point. The queen is lost as it cannot take the suicide rook on d4.} 28.
Rae1 (28. Qxd4 Qxf5+ 29. Kh4 Qh5#) 28... Qxf5+ 29. Kf3 Rxf4+ 30. Bxf4 Rxe1 31.
Rxe1 g5 {A fantastic win that proved vital for Germany to come up ahead in
this match.} 0-1

[Event "FIDE World Cup"]
[Site "Tromsoe"]
[Date "2013.08.28"]
[Round "6.3"]
[White "Vachier Lagrave, Maxime"]
[Black "Kramnik, Vladimir"]
[Result "0-1"]
[WhiteElo "2719"]
[BlackElo "2784"]
[Annotator "Ramirez Alvarez,A"]
[PlyCount "44"]
[EventDate "2013.08.11"]
[EventType "k.o."]
[EventRounds "7"]
[EventCountry "NOR"]
[SourceTitle "CBM 156"]
[Source "ChessBase"]
[SourceDate "2013.09.17"]
[SourceVersion "1"]
[SourceVersionDate "2013.09.17"]
[SourceQuality "1"]

1. e4 e5 2. Nf3 Nc6 3. d4 exd4 4. Nxd4 Bb4+ 5. c3 Bc5 6. Be3 Bb6 {White has
tried a series of moves in this position. Qg4 has become the most popular way
of putting pressure on Black, though Nf5 and Bc4 still score relatively well.
MVL's move here has only been seen before once.} 7. Bd3 Nf6 (7... Nge7 $6 8.
O-O O-O 9. Re1 Ne5 10. Bc2 {Kovalenko-Kharlov 2012.}) 8. O-O O-O 9. Nxc6 bxc6
10. e5 Nd5 11. Bd2 d6 {Black's position is already rather pleasant as he has
activated his pieces favorable and he will have good activity to compensate
for his only very slightly worse pawn structure.} 12. c4 Ne7 13. Qc2 Ng6 14.
exd6 cxd6 (14... Qxd6 $5 {trying to utilize the bad positioning of White's
bishops was also interesting. The way Kramnik plays is more logical though.})
15. Nc3 Qh4 16. Rae1 Ne5 17. Re4 $6 {A strange decision to put this rook in
the middle of the board.} (17. Ne4 {the e4-square was better for the knight}
Nxd3 18. Qxd3 d5 $5 19. cxd5 cxd5 20. Ng5 $1 {and chances should be around
equal.}) 17... Qh5 18. Be2 $6 {White is chasing Black's queen to a very
threatening square.} Qg6 19. Qd1 Bh3 $1 {Very precise! White's bishop is a
target on f3 where it is being lured to.} 20. Bf3 Bf5 21. Rh4 $2 {The decisive
mistake.} (21. Rf4 {defending the f3-bishop} Bc2 22. Qc1 Bd3 23. Rd1 $1 {
White's position is obviously worse but he is holding on.}) 21... Bc2 {Now
Black will at least win an exchange.} 22. Qxc2 (22. Qe2 Bd3 23. Qd1 Bxf1 24.
Kxf1 Rae8 {is also completely lights out.}) 22... Nxf3+ {Squashing any vague
hopes of counterplay.} (22... Qxc2 23. Be4 Qxd2 24. Bxh7+ Kh8 25. Bf5+ Qh6 {
was also completely winning. A sad game for MVL who has played excellent chess.
Fatigue and pressure in this tournament is unlike any other, so it is
understandable people make mistakes like this, regardless of their strength.})
0-1